<?xml version="1.0" encoding="UTF-8"?>
<collection xmlns="http://www.loc.gov/MARC21/slim">
 <record>
  <leader>16225nas a22014531  4500</leader>
  <controlfield tag="001">1/50191</controlfield>
  <controlfield tag="008">951004c19929999gr qrzp       0   g0gre d</controlfield>
  <datafield tag="022" ind1=" " ind2=" ">
   <subfield code="a">1105-8137</subfield>
  </datafield>
  <datafield tag="022" ind1="0" ind2=" ">
   <subfield code="a">1105-9745</subfield>
  </datafield>
  <datafield tag="035" ind1=" " ind2=" ">
   <subfield code="l">23136</subfield>
  </datafield>
  <datafield tag="090" ind1=" " ind2=" ">
   <subfield code="a">Αλφαβητική σειρά</subfield>
  </datafield>
  <datafield tag="245" ind1="0" ind2="0">
   <subfield code="a">Ευρωπαϊκή έκφραση :</subfield>
   <subfield code="b">τριμηνιαία έκδοση ευρωπαικού προβληματισμού.</subfield>
  </datafield>
  <datafield tag="260" ind1=" " ind2=" ">
   <subfield code="a">Αθήνα :</subfield>
   <subfield code="b">Γιαννής Νίκος,</subfield>
   <subfield code="c">[1992]-</subfield>
  </datafield>
  <datafield tag="300" ind1=" " ind2=" ">
   <subfield code="a">τ. ;</subfield>
   <subfield code="c">28 εκ.</subfield>
  </datafield>
  <datafield tag="310" ind1=" " ind2=" ">
   <subfield code="a">Τριμηνιαίο</subfield>
  </datafield>
  <datafield tag="362" ind1="0" ind2=" ">
   <subfield code="a">Τχ. 8 (Ιαν./Μάρτ. 1993) - τχ . 43 (Οκτ./Δεκ. 2001)</subfield>
  </datafield>
  <datafield tag="362" ind1="0" ind2=" ">
   <subfield code="a">Τχ. 44 (Ιαν./Μάρτ. 2002)-</subfield>
  </datafield>
  <datafield tag="546" ind1=" " ind2=" ">
   <subfield code="a">Ελληνική</subfield>
  </datafield>
  <datafield tag="651" ind1=" " ind2="4">
   <subfield code="a">Ευρωπαϊκή Κοινότητα.</subfield>
  </datafield>
  <datafield tag="650" ind1=" " ind2="4">
   <subfield code="a">Ευρώπη</subfield>
   <subfield code="v">Περιοδικά.</subfield>
  </datafield>
  <datafield tag="852" ind1=" " ind2=" ">
   <subfield code="a">INST</subfield>
   <subfield code="b">UNIPILB</subfield>
   <subfield code="c">SERIALS</subfield>
   <subfield code="e">20120424</subfield>
   <subfield code="h">Αλφαβητική σειρά</subfield>
   <subfield code="p">75264</subfield>
   <subfield code="q">75264</subfield>
   <subfield code="t">NOLOAN</subfield>
   <subfield code="v">έτος.17;τεύχ.65:(Μήνες)Απρ./Μάιος/Ιούν.;(Έτος)2007</subfield>
   <subfield code="y">23</subfield>
  </datafield>
  <datafield tag="852" ind1=" " ind2=" ">
   <subfield code="a">INST</subfield>
   <subfield code="b">UNIPILB</subfield>
   <subfield code="c">SERIALS</subfield>
   <subfield code="e">20120424</subfield>
   <subfield code="h">Αλφαβητική σειρά</subfield>
   <subfield code="p">75266</subfield>
   <subfield code="q">75266</subfield>
   <subfield code="t">NOLOAN</subfield>
   <subfield code="v">έτος.18;τεύχ.66:</subfield>
   <subfield code="y">23</subfield>
  </datafield>
  <datafield tag="852" ind1=" " ind2=" ">
   <subfield code="a">INST</subfield>
   <subfield code="b">UNIPILB</subfield>
   <subfield code="c">SERIALS</subfield>
   <subfield code="e">20120424</subfield>
   <subfield code="h">Αλφαβητική σειρά</subfield>
   <subfield code="p">75267</subfield>
   <subfield code="q">75267</subfield>
   <subfield code="t">NOLOAN</subfield>
   <subfield code="v">έτος.18;τεύχ.67:(Μήνες)Οκτ./Νοέμ./Δεκ.;(Έτος)2007</subfield>
   <subfield code="y">23</subfield>
  </datafield>
  <datafield tag="852" ind1=" " ind2=" ">
   <subfield code="a">INST</subfield>
   <subfield code="b">UNIPILB</subfield>
   <subfield code="c">SERIALS</subfield>
   <subfield code="e">20120424</subfield>
   <subfield code="h">Αλφαβητική σειρά</subfield>
   <subfield code="p">75268</subfield>
   <subfield code="q">75268</subfield>
   <subfield code="t">NOLOAN</subfield>
   <subfield code="v">έτος.18;τεύχ.68:(Μήνες)Ιαν./Φεβ./Μάρ.;(Έτος)2008</subfield>
   <subfield code="y">23</subfield>
  </datafield>
  <datafield tag="852" ind1=" " ind2=" ">
   <subfield code="a">INST</subfield>
   <subfield code="b">UNIPILB</subfield>
   <subfield code="c">SERIALS</subfield>
   <subfield code="e">20120424</subfield>
   <subfield code="h">Αλφαβητική σειρά</subfield>
   <subfield code="p">75269</subfield>
   <subfield code="q">75269</subfield>
   <subfield code="t">NOLOAN</subfield>
   <subfield code="v">έτος.18;τεύχ.70:(Μήνες)Ιούλ./Αύγ./Σεπ.;(Έτος)2008</subfield>
   <subfield code="y">23</subfield>
  </datafield>
  <datafield tag="852" ind1=" " ind2=" ">
   <subfield code="a">INST</subfield>
   <subfield code="b">UNIPILB</subfield>
   <subfield code="c">SERIALS</subfield>
   <subfield code="e">20120424</subfield>
   <subfield code="h">Αλφαβητική σειρά</subfield>
   <subfield code="p">75270</subfield>
   <subfield code="q">75270</subfield>
   <subfield code="t">NOLOAN</subfield>
   <subfield code="v">έτος.18;τεύχ.71:(Μήνες)Οκτ./Νοέμ./Δεκ.;(Έτος)2008</subfield>
   <subfield code="y">23</subfield>
  </datafield>
  <datafield tag="852" ind1=" " ind2=" ">
   <subfield code="a">INST</subfield>
   <subfield code="b">UNIPILB</subfield>
   <subfield code="c">SERIALS</subfield>
   <subfield code="e">20120424</subfield>
   <subfield code="h">Αλφαβητική σειρά</subfield>
   <subfield code="p">75271</subfield>
   <subfield code="q">75271</subfield>
   <subfield code="t">NOLOAN</subfield>
   <subfield code="v">έτος.19;τεύχ.73:(Μήνες)Απρ./Μάιος/Ιούν.;(Έτος)2009</subfield>
   <subfield code="y">23</subfield>
  </datafield>
  <datafield tag="852" ind1=" " ind2=" ">
   <subfield code="a">INST</subfield>
   <subfield code="b">UNIPILB</subfield>
   <subfield code="c">SERIALS</subfield>
   <subfield code="e">20120424</subfield>
   <subfield code="h">Αλφαβητική σειρά</subfield>
   <subfield code="p">75272</subfield>
   <subfield code="q">75272</subfield>
   <subfield code="t">NOLOAN</subfield>
   <subfield code="v">έτος.19;τεύχ.74:(Μήνες)Ιούλ./Αύγ./Σεπ.;(Έτος)2009</subfield>
   <subfield code="y">23</subfield>
  </datafield>
  <datafield tag="852" ind1=" " ind2=" ">
   <subfield code="a">INST</subfield>
   <subfield code="b">UNIPILB</subfield>
   <subfield code="c">SERIALS</subfield>
   <subfield code="e">20120424</subfield>
   <subfield code="h">Αλφαβητική σειρά</subfield>
   <subfield code="p">75273</subfield>
   <subfield code="q">75273</subfield>
   <subfield code="t">NOLOAN</subfield>
   <subfield code="v">έτος.19;τεύχ.76:(Μήνες)Ιαν./Φεβ./Μάρ.;(Έτος)2010</subfield>
   <subfield code="y">23</subfield>
  </datafield>
  <datafield tag="852" ind1=" " ind2=" ">
   <subfield code="a">INST</subfield>
   <subfield code="b">UNIPILB</subfield>
   <subfield code="c">SERIALS</subfield>
   <subfield code="e">20120424</subfield>
   <subfield code="h">Αλφαβητική σειρά</subfield>
   <subfield code="p">75274</subfield>
   <subfield code="q">75274</subfield>
   <subfield code="t">NOLOAN</subfield>
   <subfield code="v">έτος.20;τεύχ.77:(Μήνες)Απρ./Μάιος/Ιούν.;(Έτος)2010</subfield>
   <subfield code="y">23</subfield>
  </datafield>
  <datafield tag="852" ind1=" " ind2=" ">
   <subfield code="a">INST</subfield>
   <subfield code="b">UNIPILB</subfield>
   <subfield code="c">SERIALS</subfield>
   <subfield code="e">20120424</subfield>
   <subfield code="h">Αλφαβητική σειρά</subfield>
   <subfield code="p">75275</subfield>
   <subfield code="q">75275</subfield>
   <subfield code="t">NOLOAN</subfield>
   <subfield code="v">έτος.22;τεύχ.82:(Μήνες)Ιούλ./Αύγ./Σεπ.;(Έτος)2011</subfield>
   <subfield code="y">23</subfield>
  </datafield>
  <datafield tag="852" ind1=" " ind2=" ">
   <subfield code="a">INST</subfield>
   <subfield code="b">UNIPILB</subfield>
   <subfield code="c">SERIALS</subfield>
   <subfield code="e">20120424</subfield>
   <subfield code="h">Αλφαβητική σειρά</subfield>
   <subfield code="p">75276</subfield>
   <subfield code="q">75276</subfield>
   <subfield code="t">NOLOAN</subfield>
   <subfield code="v">έτος.22;τεύχ.83:(Μήνες)Οκτ./Νοέμ./Δεκ.;(Έτος)2011</subfield>
   <subfield code="y">23</subfield>
  </datafield>
  <datafield tag="852" ind1=" " ind2=" ">
   <subfield code="a">INST</subfield>
   <subfield code="b">UNIPILB</subfield>
   <subfield code="c">SERIALS</subfield>
   <subfield code="e">20120511</subfield>
   <subfield code="h">Αλφαβητική σειρά</subfield>
   <subfield code="p">75391</subfield>
   <subfield code="q">75391</subfield>
   <subfield code="t">NOLOAN</subfield>
   <subfield code="v">έτος.22;τεύχ.84:(Μήνες)Ιαν./Φεβ./Μάρ.;(Έτος)2012</subfield>
   <subfield code="y">23</subfield>
  </datafield>
  <datafield tag="852" ind1=" " ind2=" ">
   <subfield code="a">INST</subfield>
   <subfield code="b">UNIPILB</subfield>
   <subfield code="c">SERIALS</subfield>
   <subfield code="e">20120903</subfield>
   <subfield code="h">Αλφαβητική σειρά</subfield>
   <subfield code="p">76365</subfield>
   <subfield code="q">76365</subfield>
   <subfield code="t">NOLOAN</subfield>
   <subfield code="v">έτος.22;τεύχ.85:(Μήνες)Απρ./Μάιος/Ιούν.;(Έτος)2012</subfield>
   <subfield code="y">23</subfield>
  </datafield>
  <datafield tag="852" ind1=" " ind2=" ">
   <subfield code="a">INST</subfield>
   <subfield code="b">UNIPILB</subfield>
   <subfield code="c">SERIALS</subfield>
   <subfield code="e">20121206</subfield>
   <subfield code="h">Αλφαβητική σειρά</subfield>
   <subfield code="p">77302</subfield>
   <subfield code="q">77302</subfield>
   <subfield code="t">NOLOAN</subfield>
   <subfield code="v">έτος.22;τεύχ.86:(Μήνες)Ιούλ./Αύγ./Σεπ.;(Έτος)2012</subfield>
   <subfield code="y">23</subfield>
  </datafield>
  <datafield tag="852" ind1=" " ind2=" ">
   <subfield code="a">INST</subfield>
   <subfield code="b">UNIPILB</subfield>
   <subfield code="c">SERIALS</subfield>
   <subfield code="e">20130204</subfield>
   <subfield code="h">Αλφαβητική σειρά</subfield>
   <subfield code="p">77729</subfield>
   <subfield code="q">77729</subfield>
   <subfield code="t">NOLOAN</subfield>
   <subfield code="v">τεύχ.4:(Μήνες)Νοέμ./Δεκ./Ιαν.;(Έτος)1991</subfield>
   <subfield code="y">23</subfield>
  </datafield>
  <datafield tag="852" ind1=" " ind2=" ">
   <subfield code="a">INST</subfield>
   <subfield code="b">UNIPILB</subfield>
   <subfield code="c">SERIALS</subfield>
   <subfield code="e">20130204</subfield>
   <subfield code="h">Αλφαβητική σειρά</subfield>
   <subfield code="p">77730</subfield>
   <subfield code="q">77730</subfield>
   <subfield code="t">NOLOAN</subfield>
   <subfield code="v">τεύχ.8:(Μήνες)Νοέμ./Δεκ./Ιαν.;(Έτος)1992</subfield>
   <subfield code="y">23</subfield>
  </datafield>
  <datafield tag="852" ind1=" " ind2=" ">
   <subfield code="a">INST</subfield>
   <subfield code="b">UNIPILB</subfield>
   <subfield code="c">SERIALS</subfield>
   <subfield code="e">20130204</subfield>
   <subfield code="h">Αλφαβητική σειρά</subfield>
   <subfield code="p">77731</subfield>
   <subfield code="q">77731</subfield>
   <subfield code="t">NOLOAN</subfield>
   <subfield code="v">τεύχ.9:(Μήνες)Φεβ./Μάρ./Απρ.;(Έτος)1993</subfield>
   <subfield code="y">23</subfield>
  </datafield>
  <datafield tag="852" ind1=" " ind2=" ">
   <subfield code="a">INST</subfield>
   <subfield code="b">UNIPILB</subfield>
   <subfield code="c">SERIALS</subfield>
   <subfield code="e">20130204</subfield>
   <subfield code="h">Αλφαβητική σειρά</subfield>
   <subfield code="p">77732</subfield>
   <subfield code="q">77732</subfield>
   <subfield code="t">NOLOAN</subfield>
   <subfield code="v">τεύχ.11:(Μήνες)Αύγ./Σεπ./Οκτ.;(Έτος)1993</subfield>
   <subfield code="y">23</subfield>
  </datafield>
  <datafield tag="852" ind1=" " ind2=" ">
   <subfield code="a">INST</subfield>
   <subfield code="b">UNIPILB</subfield>
   <subfield code="c">SERIALS</subfield>
   <subfield code="e">20130204</subfield>
   <subfield code="h">Αλφαβητική σειρά</subfield>
   <subfield code="p">77733</subfield>
   <subfield code="q">77733</subfield>
   <subfield code="t">NOLOAN</subfield>
   <subfield code="v">τεύχ.12:(Μήνες)Νοέμ./Δεκ./Ιαν.;(Έτος)1993</subfield>
   <subfield code="y">23</subfield>
  </datafield>
  <datafield tag="852" ind1=" " ind2=" ">
   <subfield code="a">INST</subfield>
   <subfield code="b">UNIPILB</subfield>
   <subfield code="c">SERIALS</subfield>
   <subfield code="e">20130204</subfield>
   <subfield code="h">Αλφαβητική σειρά</subfield>
   <subfield code="p">77734</subfield>
   <subfield code="q">77734</subfield>
   <subfield code="t">NOLOAN</subfield>
   <subfield code="v">τεύχ.13:(Μήνες)Φεβ./Μάρ./Απρ.;(Έτος)1994</subfield>
   <subfield code="y">23</subfield>
  </datafield>
  <datafield tag="852" ind1=" " ind2=" ">
   <subfield code="a">INST</subfield>
   <subfield code="b">UNIPILB</subfield>
   <subfield code="c">SERIALS</subfield>
   <subfield code="e">20130204</subfield>
   <subfield code="h">Αλφαβητική σειρά</subfield>
   <subfield code="p">77735</subfield>
   <subfield code="q">77735</subfield>
   <subfield code="t">NOLOAN</subfield>
   <subfield code="v">τεύχ.14:(Μήνες)Μάιος/Ιούν./Ιούλ.;(Έτος)1994</subfield>
   <subfield code="y">23</subfield>
  </datafield>
  <datafield tag="852" ind1=" " ind2=" ">
   <subfield code="a">INST</subfield>
   <subfield code="b">UNIPILB</subfield>
   <subfield code="c">SERIALS</subfield>
   <subfield code="e">20130204</subfield>
   <subfield code="h">Αλφαβητική σειρά</subfield>
   <subfield code="p">77736</subfield>
   <subfield code="q">77736</subfield>
   <subfield code="t">NOLOAN</subfield>
   <subfield code="v">τεύχ.15:(Μήνες)Αύγ./Σεπ./Οκτ.;(Έτος)1994</subfield>
   <subfield code="y">23</subfield>
  </datafield>
  <datafield tag="852" ind1=" " ind2=" ">
   <subfield code="a">INST</subfield>
   <subfield code="b">UNIPILB</subfield>
   <subfield code="c">SERIALS</subfield>
   <subfield code="e">20130204</subfield>
   <subfield code="h">Αλφαβητική σειρά</subfield>
   <subfield code="p">77737</subfield>
   <subfield code="q">77737</subfield>
   <subfield code="t">NOLOAN</subfield>
   <subfield code="v">τεύχ.18:(Μήνες)Μάιος/Ιούν./Ιούλ.;(Έτος)1995</subfield>
   <subfield code="y">23</subfield>
  </datafield>
  <datafield tag="852" ind1=" " ind2=" ">
   <subfield code="a">INST</subfield>
   <subfield code="b">UNIPILB</subfield>
   <subfield code="c">SERIALS</subfield>
   <subfield code="e">20130204</subfield>
   <subfield code="h">Αλφαβητική σειρά</subfield>
   <subfield code="p">77738</subfield>
   <subfield code="q">77738</subfield>
   <subfield code="t">NOLOAN</subfield>
   <subfield code="v">τεύχ.19:(Μήνες)Αύγ./Σεπ./Οκτ.;(Έτος)1995</subfield>
   <subfield code="y">23</subfield>
  </datafield>
  <datafield tag="852" ind1=" " ind2=" ">
   <subfield code="a">INST</subfield>
   <subfield code="b">UNIPILB</subfield>
   <subfield code="c">SERIALS</subfield>
   <subfield code="e">20130204</subfield>
   <subfield code="h">Αλφαβητική σειρά</subfield>
   <subfield code="p">77739</subfield>
   <subfield code="q">77739</subfield>
   <subfield code="t">NOLOAN</subfield>
   <subfield code="v">τεύχ.23:(Μήνες)Αύγ./Σεπ./Οκτ.;(Έτος)1996</subfield>
   <subfield code="y">23</subfield>
  </datafield>
  <datafield tag="852" ind1=" " ind2=" ">
   <subfield code="a">INST</subfield>
   <subfield code="b">UNIPILB</subfield>
   <subfield code="c">SERIALS</subfield>
   <subfield code="e">20130204</subfield>
   <subfield code="h">Αλφαβητική σειρά</subfield>
   <subfield code="p">77740</subfield>
   <subfield code="q">77740</subfield>
   <subfield code="t">NOLOAN</subfield>
   <subfield code="v">τεύχ.24:(Μήνες)Νοέμ./Δεκ./Ιαν.;(Έτος)1996</subfield>
   <subfield code="y">23</subfield>
  </datafield>
  <datafield tag="852" ind1=" " ind2=" ">
   <subfield code="a">INST</subfield>
   <subfield code="b">UNIPILB</subfield>
   <subfield code="c">SERIALS</subfield>
   <subfield code="e">20130204</subfield>
   <subfield code="h">Αλφαβητική σειρά</subfield>
   <subfield code="p">77741</subfield>
   <subfield code="q">77741</subfield>
   <subfield code="t">NOLOAN</subfield>
   <subfield code="v">τεύχ.25:(Μήνες)Φεβ./Μάρ./Απρ.;(Έτος)1997</subfield>
   <subfield code="y">23</subfield>
  </datafield>
  <datafield tag="852" ind1=" " ind2=" ">
   <subfield code="a">INST</subfield>
   <subfield code="b">UNIPILB</subfield>
   <subfield code="c">SERIALS</subfield>
   <subfield code="e">20130204</subfield>
   <subfield code="h">Αλφαβητική σειρά</subfield>
   <subfield code="p">77742</subfield>
   <subfield code="q">77742</subfield>
   <subfield code="t">NOLOAN</subfield>
   <subfield code="v">τεύχ.26:(Μήνες)Μάιος/Ιούν./Ιούλ.;(Έτος)1997</subfield>
   <subfield code="y">23</subfield>
  </datafield>
  <datafield tag="852" ind1=" " ind2=" ">
   <subfield code="a">INST</subfield>
   <subfield code="b">UNIPILB</subfield>
   <subfield code="c">SERIALS</subfield>
   <subfield code="e">20130204</subfield>
   <subfield code="h">Αλφαβητική σειρά</subfield>
   <subfield code="p">77743</subfield>
   <subfield code="q">77743</subfield>
   <subfield code="t">NOLOAN</subfield>
   <subfield code="v">τεύχ.27:(Μήνες)Αύγ./Σεπ./Οκτ.;(Έτος)1997</subfield>
   <subfield code="y">23</subfield>
  </datafield>
  <datafield tag="852" ind1=" " ind2=" ">
   <subfield code="a">INST</subfield>
   <subfield code="b">UNIPILB</subfield>
   <subfield code="c">SERIALS</subfield>
   <subfield code="e">20130204</subfield>
   <subfield code="h">Αλφαβητική σειρά</subfield>
   <subfield code="p">77744</subfield>
   <subfield code="q">77744</subfield>
   <subfield code="t">NOLOAN</subfield>
   <subfield code="v">τεύχ.28:(Μήνες)Ιαν./Φεβ./Μαρτ.;(Έτος)1998</subfield>
   <subfield code="y">23</subfield>
  </datafield>
  <datafield tag="852" ind1=" " ind2=" ">
   <subfield code="a">INST</subfield>
   <subfield code="b">UNIPILB</subfield>
   <subfield code="c">SERIALS</subfield>
   <subfield code="e">20130204</subfield>
   <subfield code="h">Αλφαβητική σειρά</subfield>
   <subfield code="p">77745</subfield>
   <subfield code="q">77745</subfield>
   <subfield code="t">NOLOAN</subfield>
   <subfield code="v">τεύχ.29:(Μήνες)Απρ./Μάιος/Ιούν.;(Έτος)1998</subfield>
   <subfield code="y">23</subfield>
  </datafield>
  <datafield tag="852" ind1=" " ind2=" ">
   <subfield code="a">INST</subfield>
   <subfield code="b">UNIPILB</subfield>
   <subfield code="c">SERIALS</subfield>
   <subfield code="e">20130204</subfield>
   <subfield code="h">Αλφαβητική σειρά</subfield>
   <subfield code="p">77746</subfield>
   <subfield code="q">77746</subfield>
   <subfield code="t">NOLOAN</subfield>
   <subfield code="v">τεύχ.30:(Μήνες)Ιούλ./Αύγ./Σεπ.;(Έτος)1998</subfield>
   <subfield code="y">23</subfield>
  </datafield>
  <datafield tag="852" ind1=" " ind2=" ">
   <subfield code="a">INST</subfield>
   <subfield code="b">UNIPILB</subfield>
   <subfield code="c">SERIALS</subfield>
   <subfield code="e">20130204</subfield>
   <subfield code="h">Αλφαβητική σειρά</subfield>
   <subfield code="p">77747</subfield>
   <subfield code="q">77747</subfield>
   <subfield code="t">NOLOAN</subfield>
   <subfield code="v">τεύχ.31:(Μήνες)Οκτ./Νοέμ./Δεκ.;(Έτος)1998</subfield>
   <subfield code="y">23</subfield>
  </datafield>
  <datafield tag="852" ind1=" " ind2=" ">
   <subfield code="a">INST</subfield>
   <subfield code="b">UNIPILB</subfield>
   <subfield code="c">SERIALS</subfield>
   <subfield code="e">20130204</subfield>
   <subfield code="h">Αλφαβητική σειρά</subfield>
   <subfield code="p">77748</subfield>
   <subfield code="q">77748</subfield>
   <subfield code="t">NOLOAN</subfield>
   <subfield code="v">τεύχ.32:(Μήνες)Ιαν./Φεβ./Μάρ.;(Έτος)1999</subfield>
   <subfield code="y">23</subfield>
  </datafield>
  <datafield tag="852" ind1=" " ind2=" ">
   <subfield code="a">INST</subfield>
   <subfield code="b">UNIPILB</subfield>
   <subfield code="c">SERIALS</subfield>
   <subfield code="e">20130204</subfield>
   <subfield code="h">Αλφαβητική σειρά</subfield>
   <subfield code="p">77749</subfield>
   <subfield code="q">77749</subfield>
   <subfield code="t">NOLOAN</subfield>
   <subfield code="v">τεύχ.33:(Μήνες)Απρ./Μάιος/Ιούν.;(Έτος)1999</subfield>
   <subfield code="y">23</subfield>
  </datafield>
  <datafield tag="852" ind1=" " ind2=" ">
   <subfield code="a">INST</subfield>
   <subfield code="b">UNIPILB</subfield>
   <subfield code="c">SERIALS</subfield>
   <subfield code="e">20130204</subfield>
   <subfield code="h">Αλφαβητική σειρά</subfield>
   <subfield code="p">77750</subfield>
   <subfield code="q">77750</subfield>
   <subfield code="t">NOLOAN</subfield>
   <subfield code="v">τεύχ.35:(Μήνες)Οκτ./Νοέμ./Δεκ.;(Έτος)1999</subfield>
   <subfield code="y">23</subfield>
  </datafield>
  <datafield tag="852" ind1=" " ind2=" ">
   <subfield code="a">INST</subfield>
   <subfield code="b">UNIPILB</subfield>
   <subfield code="c">SERIALS</subfield>
   <subfield code="e">20130204</subfield>
   <subfield code="h">Αλφαβητική σειρά</subfield>
   <subfield code="p">77751</subfield>
   <subfield code="q">77751</subfield>
   <subfield code="t">NOLOAN</subfield>
   <subfield code="v">τεύχ.38:(Μήνες)Ιούλ./Αύγ./Σεπ.;(Έτος)2000</subfield>
   <subfield code="y">23</subfield>
  </datafield>
  <datafield tag="852" ind1=" " ind2=" ">
   <subfield code="a">INST</subfield>
   <subfield code="b">UNIPILB</subfield>
   <subfield code="c">SERIALS</subfield>
   <subfield code="e">20130204</subfield>
   <subfield code="h">Αλφαβητική σειρά</subfield>
   <subfield code="p">77752</subfield>
   <subfield code="q">77752</subfield>
   <subfield code="t">NOLOAN</subfield>
   <subfield code="v">τεύχ.39:(Μήνες)Οκτ./Νοέμ./Δεκ.;(Έτος)2000</subfield>
   <subfield code="y">23</subfield>
  </datafield>
  <datafield tag="852" ind1=" " ind2=" ">
   <subfield code="a">INST</subfield>
   <subfield code="b">UNIPILB</subfield>
   <subfield code="c">SERIALS</subfield>
   <subfield code="e">20130204</subfield>
   <subfield code="h">Αλφαβητική σειρά</subfield>
   <subfield code="p">77753</subfield>
   <subfield code="q">77753</subfield>
   <subfield code="t">NOLOAN</subfield>
   <subfield code="v">τεύχ.40:(Μήνες)Ιαν./Φεβ./Μάρ.;(Έτος)2001</subfield>
   <subfield code="y">23</subfield>
  </datafield>
  <datafield tag="852" ind1=" " ind2=" ">
   <subfield code="a">INST</subfield>
   <subfield code="b">UNIPILB</subfield>
   <subfield code="c">SERIALS</subfield>
   <subfield code="e">20130204</subfield>
   <subfield code="h">Αλφαβητική σειρά</subfield>
   <subfield code="p">77754</subfield>
   <subfield code="q">77754</subfield>
   <subfield code="t">NOLOAN</subfield>
   <subfield code="v">τεύχ.41:(Μήνες)Απρ./Μάιος/Ιούν.;(Έτος)2001</subfield>
   <subfield code="y">23</subfield>
  </datafield>
  <datafield tag="852" ind1=" " ind2=" ">
   <subfield code="a">INST</subfield>
   <subfield code="b">UNIPILB</subfield>
   <subfield code="c">SERIALS</subfield>
   <subfield code="e">20130204</subfield>
   <subfield code="h">Αλφαβητική σειρά</subfield>
   <subfield code="p">77755</subfield>
   <subfield code="q">77755</subfield>
   <subfield code="t">NOLOAN</subfield>
   <subfield code="v">τεύχ.42:(Μήνες)Ιούλ./Αύγ./Σεπ.;(Έτος)2001</subfield>
   <subfield code="y">23</subfield>
  </datafield>
  <datafield tag="852" ind1=" " ind2=" ">
   <subfield code="a">INST</subfield>
   <subfield code="b">UNIPILB</subfield>
   <subfield code="c">SERIALS</subfield>
   <subfield code="e">20130204</subfield>
   <subfield code="h">Αλφαβητική σειρά</subfield>
   <subfield code="p">77756</subfield>
   <subfield code="q">77756</subfield>
   <subfield code="t">NOLOAN</subfield>
   <subfield code="v">τεύχ.43:(Μήνες)Οκτ./Νοέμ./Δεκ.;(Έτος)2001</subfield>
   <subfield code="y">23</subfield>
  </datafield>
  <datafield tag="852" ind1=" " ind2=" ">
   <subfield code="a">INST</subfield>
   <subfield code="b">UNIPILB</subfield>
   <subfield code="c">SERIALS</subfield>
   <subfield code="e">20130204</subfield>
   <subfield code="h">Αλφαβητική σειρά</subfield>
   <subfield code="p">77757</subfield>
   <subfield code="q">77757</subfield>
   <subfield code="t">NOLOAN</subfield>
   <subfield code="v">τεύχ.44:(Μήνες)Ιαν./Φεβ./Μάρ.;(Έτος)2002</subfield>
   <subfield code="y">23</subfield>
  </datafield>
  <datafield tag="852" ind1=" " ind2=" ">
   <subfield code="a">INST</subfield>
   <subfield code="b">UNIPILB</subfield>
   <subfield code="c">SERIALS</subfield>
   <subfield code="e">20130204</subfield>
   <subfield code="h">Αλφαβητική σειρά</subfield>
   <subfield code="p">77758</subfield>
   <subfield code="q">77758</subfield>
   <subfield code="t">NOLOAN</subfield>
   <subfield code="v">τεύχ.45:(Μήνες)Απρ./Μάιος/Ιούν.;(Έτος)2002</subfield>
   <subfield code="y">23</subfield>
  </datafield>
  <datafield tag="852" ind1=" " ind2=" ">
   <subfield code="a">INST</subfield>
   <subfield code="b">UNIPILB</subfield>
   <subfield code="c">SERIALS</subfield>
   <subfield code="e">20130204</subfield>
   <subfield code="h">Αλφαβητική σειρά</subfield>
   <subfield code="p">77759</subfield>
   <subfield code="q">77759</subfield>
   <subfield code="t">NOLOAN</subfield>
   <subfield code="v">τεύχ.46:(Μήνες)Ιούλ./Αύγ./Σεπ.;(Έτος)2002</subfield>
   <subfield code="y">23</subfield>
  </datafield>
  <datafield tag="852" ind1=" " ind2=" ">
   <subfield code="a">INST</subfield>
   <subfield code="b">UNIPILB</subfield>
   <subfield code="c">SERIALS</subfield>
   <subfield code="e">20130204</subfield>
   <subfield code="h">Αλφαβητική σειρά</subfield>
   <subfield code="p">77760</subfield>
   <subfield code="q">77760</subfield>
   <subfield code="t">NOLOAN</subfield>
   <subfield code="v">τεύχ.47:(Μήνες)Οκτ./Νοέμ./Δεκ.;(Έτος)2002</subfield>
   <subfield code="y">23</subfield>
  </datafield>
  <datafield tag="852" ind1=" " ind2=" ">
   <subfield code="a">INST</subfield>
   <subfield code="b">UNIPILB</subfield>
   <subfield code="c">SERIALS</subfield>
   <subfield code="e">20130204</subfield>
   <subfield code="h">Αλφαβητική σειρά</subfield>
   <subfield code="p">77761</subfield>
   <subfield code="q">77761</subfield>
   <subfield code="t">NOLOAN</subfield>
   <subfield code="v">τεύχ.50:(Μήνες)Ιούλ./Αύγ./Σεπ.;(Έτος)2003</subfield>
   <subfield code="y">23</subfield>
  </datafield>
  <datafield tag="852" ind1=" " ind2=" ">
   <subfield code="a">INST</subfield>
   <subfield code="b">UNIPILB</subfield>
   <subfield code="c">SERIALS</subfield>
   <subfield code="e">20130204</subfield>
   <subfield code="h">Αλφαβητική σειρά</subfield>
   <subfield code="p">77762</subfield>
   <subfield code="q">77762</subfield>
   <subfield code="t">NOLOAN</subfield>
   <subfield code="v">τεύχ.51:(Μήνες)Οκτ./Νοέμ./Δεκ.;(Έτος)2003</subfield>
   <subfield code="y">23</subfield>
  </datafield>
  <datafield tag="852" ind1=" " ind2=" ">
   <subfield code="a">INST</subfield>
   <subfield code="b">UNIPILB</subfield>
   <subfield code="c">SERIALS</subfield>
   <subfield code="e">20130204</subfield>
   <subfield code="h">Αλφαβητική σειρά</subfield>
   <subfield code="p">77763</subfield>
   <subfield code="q">77763</subfield>
   <subfield code="t">NOLOAN</subfield>
   <subfield code="v">τεύχ.52:(Μήνες)Ιαν./Φεβ./Μάρ.;(Έτος)2004</subfield>
   <subfield code="y">23</subfield>
  </datafield>
  <datafield tag="852" ind1=" " ind2=" ">
   <subfield code="a">INST</subfield>
   <subfield code="b">UNIPILB</subfield>
   <subfield code="c">SERIALS</subfield>
   <subfield code="e">20130204</subfield>
   <subfield code="h">Αλφαβητική σειρά</subfield>
   <subfield code="p">77764</subfield>
   <subfield code="q">77764</subfield>
   <subfield code="t">NOLOAN</subfield>
   <subfield code="v">τεύχ.53:(Μήνες)Απρ./Μάιος/Ιούν.;(Έτος)2004</subfield>
   <subfield code="y">23</subfield>
  </datafield>
  <datafield tag="852" ind1=" " ind2=" ">
   <subfield code="a">INST</subfield>
   <subfield code="b">UNIPILB</subfield>
   <subfield code="c">SERIALS</subfield>
   <subfield code="e">20130204</subfield>
   <subfield code="h">Αλφαβητική σειρά</subfield>
   <subfield code="p">77765</subfield>
   <subfield code="q">77765</subfield>
   <subfield code="t">NOLOAN</subfield>
   <subfield code="v">τεύχ.55:(Μήνες)Οκτ./Νοέμ./Δεκ.;(Έτος)2004</subfield>
   <subfield code="y">23</subfield>
  </datafield>
  <datafield tag="852" ind1=" " ind2=" ">
   <subfield code="a">INST</subfield>
   <subfield code="b">UNIPILB</subfield>
   <subfield code="c">SERIALS</subfield>
   <subfield code="e">20130204</subfield>
   <subfield code="h">Αλφαβητική σειρά</subfield>
   <subfield code="p">77766</subfield>
   <subfield code="q">77766</subfield>
   <subfield code="t">NOLOAN</subfield>
   <subfield code="v">τεύχ.56:(Μήνες)Ιαν./Φεβ./Μάρ.;(Έτος)2005</subfield>
   <subfield code="y">23</subfield>
  </datafield>
  <datafield tag="852" ind1=" " ind2=" ">
   <subfield code="a">INST</subfield>
   <subfield code="b">UNIPILB</subfield>
   <subfield code="c">SERIALS</subfield>
   <subfield code="e">20130204</subfield>
   <subfield code="h">Αλφαβητική σειρά</subfield>
   <subfield code="p">77767</subfield>
   <subfield code="q">77767</subfield>
   <subfield code="t">NOLOAN</subfield>
   <subfield code="v">τεύχ.57:(Μήνες)Απρ./Μάιος/Ιούν.;(Έτος)2005</subfield>
   <subfield code="y">23</subfield>
  </datafield>
  <datafield tag="852" ind1=" " ind2=" ">
   <subfield code="a">INST</subfield>
   <subfield code="b">UNIPILB</subfield>
   <subfield code="c">SERIALS</subfield>
   <subfield code="e">20130204</subfield>
   <subfield code="h">Αλφαβητική σειρά</subfield>
   <subfield code="p">77768</subfield>
   <subfield code="q">77768</subfield>
   <subfield code="t">NOLOAN</subfield>
   <subfield code="v">τεύχ.58:(Μήνες)Ιούλ./Αύγ./Σεπ.;(Έτος)2005</subfield>
   <subfield code="y">23</subfield>
  </datafield>
  <datafield tag="852" ind1=" " ind2=" ">
   <subfield code="a">INST</subfield>
   <subfield code="b">UNIPILB</subfield>
   <subfield code="c">SERIALS</subfield>
   <subfield code="e">20130204</subfield>
   <subfield code="h">Αλφαβητική σειρά</subfield>
   <subfield code="p">77769</subfield>
   <subfield code="q">77769</subfield>
   <subfield code="t">NOLOAN</subfield>
   <subfield code="v">τεύχ.59:(Μήνες)Οκτ./Νοέμ./Δεκ.;(Έτος)2005</subfield>
   <subfield code="y">23</subfield>
  </datafield>
  <datafield tag="852" ind1=" " ind2=" ">
   <subfield code="a">INST</subfield>
   <subfield code="b">UNIPILB</subfield>
   <subfield code="c">SERIALS</subfield>
   <subfield code="e">20130204</subfield>
   <subfield code="h">Αλφαβητική σειρά</subfield>
   <subfield code="p">77770</subfield>
   <subfield code="q">77770</subfield>
   <subfield code="t">NOLOAN</subfield>
   <subfield code="v">τεύχ.60:(Μήνες)Ιαν./Φεβ./Μαρτ.;(Έτος)2006</subfield>
   <subfield code="y">23</subfield>
  </datafield>
  <datafield tag="852" ind1=" " ind2=" ">
   <subfield code="a">INST</subfield>
   <subfield code="b">UNIPILB</subfield>
   <subfield code="c">SERIALS</subfield>
   <subfield code="e">20130204</subfield>
   <subfield code="h">Αλφαβητική σειρά</subfield>
   <subfield code="p">77771</subfield>
   <subfield code="q">77771</subfield>
   <subfield code="t">NOLOAN</subfield>
   <subfield code="v">τεύχ.61:(Μήνες)Απρ./Μάιος/Ιουν.;(Έτος)2006</subfield>
   <subfield code="y">23</subfield>
  </datafield>
  <datafield tag="852" ind1=" " ind2=" ">
   <subfield code="a">INST</subfield>
   <subfield code="b">UNIPILB</subfield>
   <subfield code="c">SERIALS</subfield>
   <subfield code="e">20130204</subfield>
   <subfield code="h">Αλφαβητική σειρά</subfield>
   <subfield code="p">77772</subfield>
   <subfield code="q">77772</subfield>
   <subfield code="t">NOLOAN</subfield>
   <subfield code="v">έτος.17;τεύχ.64:(Μήνες)Ιαν./Φεβ./Μάρ.;(Έτος)2007</subfield>
   <subfield code="y">23</subfield>
  </datafield>
  <datafield tag="852" ind1=" " ind2=" ">
   <subfield code="a">INST</subfield>
   <subfield code="b">UNIPILB</subfield>
   <subfield code="c">SERIALS</subfield>
   <subfield code="e">20130204</subfield>
   <subfield code="h">Αλφαβητική σειρά</subfield>
   <subfield code="p">77773</subfield>
   <subfield code="q">77773</subfield>
   <subfield code="t">NOLOAN</subfield>
   <subfield code="v">έτος.18;τεύχ.69:(Μήνες)Απρ./Μάιος/Ιούν.;(Έτος)2008</subfield>
   <subfield code="y">23</subfield>
  </datafield>
  <datafield tag="852" ind1=" " ind2=" ">
   <subfield code="a">INST</subfield>
   <subfield code="b">UNIPILB</subfield>
   <subfield code="c">SERIALS</subfield>
   <subfield code="e">20130204</subfield>
   <subfield code="h">Αλφαβητική σειρά</subfield>
   <subfield code="p">77774</subfield>
   <subfield code="q">77774</subfield>
   <subfield code="t">NOLOAN</subfield>
   <subfield code="v">έτος.18;τεύχ.72:(Μήνες)Ιαν./Φεβ./Μάρ.;(Έτος)2009</subfield>
   <subfield code="y">23</subfield>
  </datafield>
  <datafield tag="852" ind1=" " ind2=" ">
   <subfield code="a">INST</subfield>
   <subfield code="b">UNIPILB</subfield>
   <subfield code="c">SERIALS</subfield>
   <subfield code="e">20130204</subfield>
   <subfield code="h">Αλφαβητική σειρά</subfield>
   <subfield code="p">77775</subfield>
   <subfield code="q">77775</subfield>
   <subfield code="t">NOLOAN</subfield>
   <subfield code="v">έτος.20;τεύχ.78:(Μήνες)Ιούλ./Αύγ./Σεπ.;(Έτος)2010</subfield>
   <subfield code="y">23</subfield>
  </datafield>
  <datafield tag="852" ind1=" " ind2=" ">
   <subfield code="a">INST</subfield>
   <subfield code="b">UNIPILB</subfield>
   <subfield code="c">SERIALS</subfield>
   <subfield code="e">20130204</subfield>
   <subfield code="h">Αλφαβητική σειρά</subfield>
   <subfield code="p">77776</subfield>
   <subfield code="q">77776</subfield>
   <subfield code="t">NOLOAN</subfield>
   <subfield code="v">έτος.20;τεύχ.79:(Μήνες)Οκτ./Νοέμ./Δεκ.;(Έτος)2010</subfield>
   <subfield code="y">23</subfield>
  </datafield>
  <datafield tag="852" ind1=" " ind2=" ">
   <subfield code="a">INST</subfield>
   <subfield code="b">UNIPILB</subfield>
   <subfield code="c">SERIALS</subfield>
   <subfield code="e">20130204</subfield>
   <subfield code="h">Αλφαβητική σειρά</subfield>
   <subfield code="p">77777</subfield>
   <subfield code="q">77777</subfield>
   <subfield code="t">NOLOAN</subfield>
   <subfield code="v">έτος.20;τεύχ.80:(Μήνες)Ιαν./Φεβ./Μάρ.;(Έτος)2011</subfield>
   <subfield code="y">23</subfield>
  </datafield>
  <datafield tag="852" ind1=" " ind2=" ">
   <subfield code="a">INST</subfield>
   <subfield code="b">UNIPILB</subfield>
   <subfield code="c">SERIALS</subfield>
   <subfield code="e">20130204</subfield>
   <subfield code="h">Αλφαβητική σειρά</subfield>
   <subfield code="p">77778</subfield>
   <subfield code="q">77778</subfield>
   <subfield code="t">NOLOAN</subfield>
   <subfield code="v">έτος.20;τεύχ.81:(Μήνες)Απρ./Μάιος/Ιούν.;(Έτος)2011</subfield>
   <subfield code="y">23</subfield>
  </datafield>
  <datafield tag="852" ind1=" " ind2=" ">
   <subfield code="a">INST</subfield>
   <subfield code="b">UNIPILB</subfield>
   <subfield code="c">SERIALS</subfield>
   <subfield code="e">20130313</subfield>
   <subfield code="h">Αλφαβητική σειρά</subfield>
   <subfield code="p">78395</subfield>
   <subfield code="q">78395</subfield>
   <subfield code="t">NOLOAN</subfield>
   <subfield code="v">έτος.22;τεύχ.87:(Μήνες)Οκτ./Νοέμ./Δεκ.;(Έτος)2012</subfield>
   <subfield code="y">23</subfield>
  </datafield>
  <datafield tag="852" ind1=" " ind2=" ">
   <subfield code="a">INST</subfield>
   <subfield code="b">UNIPILB</subfield>
   <subfield code="c">SERIALS</subfield>
   <subfield code="e">20130715</subfield>
   <subfield code="h">Αλφαβητική σειρά</subfield>
   <subfield code="p">80519</subfield>
   <subfield code="q">80519</subfield>
   <subfield code="t">NOLOAN</subfield>
   <subfield code="v">έτος.22;τεύχ.88:(Μήνες)Ιαν./Φεβ./Μάρ.;(Έτος)2013</subfield>
   <subfield code="y">23</subfield>
  </datafield>
  <datafield tag="856" ind1="4" ind2="1">
   <subfield code="u">http://www.ekfrasi.gr</subfield>
  </datafield>
  <datafield tag="900" ind1=" " ind2=" ">
   <subfield code="a">Χρόνος 22 τχ. 89 (Απρ./Μάιος/Ιούν. 2013)</subfield>
   <subfield code="b">Οφειλόμενο</subfield>
   <subfield code="c">13/06/2017</subfield>
  </datafield>
  <datafield tag="900" ind1=" " ind2=" ">
   <subfield code="a">Τχ. 5 (Φεβ./Μάρ./Απρ. 1992)</subfield>
   <subfield code="b">Οφειλόμενο</subfield>
   <subfield code="c">05/02/2013</subfield>
  </datafield>
  <datafield tag="900" ind1=" " ind2=" ">
   <subfield code="a">Τχ. 6 (Μάιος/Ιούν./Ιούλ. 1992)</subfield>
   <subfield code="b">Οφειλόμενο</subfield>
   <subfield code="c">05/02/2013</subfield>
  </datafield>
  <datafield tag="900" ind1=" " ind2=" ">
   <subfield code="a">Τχ. 7 (Αύγ./Σεπ./Οκτ. 1992)</subfield>
   <subfield code="b">Οφειλόμενο</subfield>
   <subfield code="c">05/02/2013</subfield>
  </datafield>
  <datafield tag="900" ind1=" " ind2=" ">
   <subfield code="a">Τχ. 10 (Μάιος/Ιούν./Ιούλ. 1993)</subfield>
   <subfield code="b">Οφειλόμενο</subfield>
   <subfield code="c">05/02/2013</subfield>
  </datafield>
  <datafield tag="900" ind1=" " ind2=" ">
   <subfield code="a">Τχ. 16 (Νοέμ./Δεκ./Ιαν. 1994)</subfield>
   <subfield code="b">Οφειλόμενο</subfield>
   <subfield code="c">05/02/2013</subfield>
  </datafield>
  <datafield tag="900" ind1=" " ind2=" ">
   <subfield code="a">Τχ. 17 (Φεβ./Μάρ./Απρ. 1995)</subfield>
   <subfield code="b">Οφειλόμενο</subfield>
   <subfield code="c">05/02/2013</subfield>
  </datafield>
  <datafield tag="900" ind1=" " ind2=" ">
   <subfield code="a">Τχ. 20 (Νοέμ./Δεκ./Ιαν. 1995)</subfield>
   <subfield code="b">Οφειλόμενο</subfield>
   <subfield code="c">05/02/2013</subfield>
  </datafield>
  <datafield tag="900" ind1=" " ind2=" ">
   <subfield code="a">Τχ. 21 (Φεβ./Μάρ./Απρ. 1996)</subfield>
   <subfield code="b">Οφειλόμενο</subfield>
   <subfield code="c">05/02/2013</subfield>
  </datafield>
  <datafield tag="900" ind1=" " ind2=" ">
   <subfield code="a">Τχ. 22 (Μάιος/Ιούν./Ιούλ. 1996)</subfield>
   <subfield code="b">Οφειλόμενο</subfield>
   <subfield code="c">05/02/2013</subfield>
  </datafield>
  <datafield tag="900" ind1=" " ind2=" ">
   <subfield code="a">Χρόνος 19 τχ. 75 (Οκτ./Νοέμ./Δεκ. 2009)</subfield>
   <subfield code="b">Οφειλόμενο</subfield>
   <subfield code="c">13/06/2017</subfield>
  </datafield>
  <datafield tag="950" ind1=" " ind2=" ">
   <subfield code="a">01/11/1991</subfield>
   <subfield code="c">ΔΩΡΕΑ ΠΕΡΙΟΔΙΚΩΝ</subfield>
   <subfield code="d">877</subfield>
  </datafield>
  <datafield tag="950" ind1=" " ind2=" ">
   <subfield code="c">ΑΡΧΕΙΟ ΠΕΡΙΟΔΙΚΩΝ</subfield>
   <subfield code="d">588</subfield>
  </datafield>
  <datafield tag="951" ind1=" " ind2=" ">
   <subfield code="a">Χρόνος 22 τχ. 82 (Ιούλ./Αύγ./Σεπ. 2011) - Χρόνος 22 τχ. 88 (Ιαν./Φεβ./Μάρ. 2013)</subfield>
   <subfield code="b">Main run</subfield>
  </datafield>
  <datafield tag="951" ind1=" " ind2=" ">
   <subfield code="a">Τχ.8(Ιαν./Μάρτ. 1993) - (τχ.45(Απρ./Ιουν. 2002)</subfield>
   <subfield code="b">Main run</subfield>
  </datafield>
  <datafield tag="951" ind1=" " ind2=" ">
   <subfield code="a">Χρόνος 17 τχ. 63 (Οκτ./Νοεμ./Δεκ. 2006)</subfield>
   <subfield code="b">Main run</subfield>
  </datafield>
  <datafield tag="951" ind1=" " ind2=" ">
   <subfield code="a">Tx. 4 (Νοέμ./Δεκ./Ιαν. 1991)</subfield>
   <subfield code="b">Main run</subfield>
  </datafield>
  <datafield tag="951" ind1=" " ind2=" ">
   <subfield code="a">Tx. 8 (Νοέμ./Δεκ./Ιαν. 1992) - Tx. 9 (Φεβ./Μάρ./Απρ. 1993)</subfield>
   <subfield code="b">Main run</subfield>
  </datafield>
  <datafield tag="951" ind1=" " ind2=" ">
   <subfield code="a">Tx. 11 (Αύγ./Σεπ./Οκτ. 1993) - Tx. 15 (Αύγ./Σεπ./Οκτ. 1994)</subfield>
   <subfield code="b">Main run</subfield>
  </datafield>
  <datafield tag="951" ind1=" " ind2=" ">
   <subfield code="a">Tx. 18 (Μάιος/Ιούν./Ιούλ. 1995) - Tx. 19 (Αύγ./Σεπ./Οκτ. 1995)</subfield>
   <subfield code="b">Main run</subfield>
  </datafield>
  <datafield tag="951" ind1=" " ind2=" ">
   <subfield code="a">Tx. 23 (Αύγ./Σεπ./Οκτ. 1996) - Tx. 27 (Αύγ./Σεπ./Οκτ. 1997)</subfield>
   <subfield code="b">Main run</subfield>
  </datafield>
  <datafield tag="951" ind1=" " ind2=" ">
   <subfield code="a">Tx. 28  (Ιαν./Φεβ./Μαρτ. 1998)</subfield>
   <subfield code="b">Main run</subfield>
  </datafield>
  <datafield tag="951" ind1=" " ind2=" ">
   <subfield code="a">Tx. 29 (Απρ./Μάιος/Ιούν. 1998) - Tx. 33 (Απρ./Μάιος/Ιούν. 1999)</subfield>
   <subfield code="b">Main run</subfield>
  </datafield>
  <datafield tag="951" ind1=" " ind2=" ">
   <subfield code="a">Tx. 35 (Οκτ./Νοέμ./Δεκ. 1999)</subfield>
   <subfield code="b">Main run</subfield>
  </datafield>
  <datafield tag="951" ind1=" " ind2=" ">
   <subfield code="a">Tx. 38 (Ιούλ./Αύγ./Σεπ. 2000) - Tx. 47 (Οκτ./Νοέμ./Δεκ. 2002)</subfield>
   <subfield code="b">Main run</subfield>
  </datafield>
  <datafield tag="951" ind1=" " ind2=" ">
   <subfield code="a">Tx. 50 (Ιούλ./Αύγ./Σεπ. 2003) - Tx. 53 (Απρ./Μάιος/Ιούν. 2004)</subfield>
   <subfield code="b">Main run</subfield>
  </datafield>
  <datafield tag="951" ind1=" " ind2=" ">
   <subfield code="a">Tx. 55 (Οκτ./Νοέμ./Δεκ. 2004) - Tx. 59 (Οκτ./Νοέμ./Δεκ. 2005)</subfield>
   <subfield code="b">Main run</subfield>
  </datafield>
  <datafield tag="951" ind1=" " ind2=" ">
   <subfield code="a">Τχ. 60  (Ιαν./Φεβ./Μαρτ. 2006)</subfield>
   <subfield code="b">Main run</subfield>
  </datafield>
  <datafield tag="951" ind1=" " ind2=" ">
   <subfield code="a">Τχ. 61  (Απρ./Μάιος/Ιουν. 2006)</subfield>
   <subfield code="b">Main run</subfield>
  </datafield>
  <datafield tag="951" ind1=" " ind2=" ">
   <subfield code="a">Χρόνος 17 τχ. 64 (Ιαν./Φεβ./Μάρ. 2007) - Χρόνος 17 τχ. 65 (Απρ./Μάιος/Ιούν. 2007)</subfield>
   <subfield code="b">Main run</subfield>
  </datafield>
  <datafield tag="951" ind1=" " ind2=" ">
   <subfield code="a">Χρόνος 18 τχ. 66  (Ιούλ./Αύγ./Σεπτ. 2007)</subfield>
   <subfield code="b">Main run</subfield>
  </datafield>
  <datafield tag="951" ind1=" " ind2=" ">
   <subfield code="a">Χρόνος 18 τχ. 67 (Οκτ./Νοέμ./Δεκ. 2007) - Χρόνος 18 τχ. 72 (Ιαν./Φεβ./Μάρ. 2009)</subfield>
   <subfield code="b">Main run</subfield>
  </datafield>
  <datafield tag="951" ind1=" " ind2=" ">
   <subfield code="a">Χρόνος 19 τχ. 73 (Απρ./Μάιος/Ιούν. 2009) - Χρόνος 19 τχ. 74 (Ιούλ./Αύγ./Σεπ. 2009)</subfield>
   <subfield code="b">Main run</subfield>
  </datafield>
  <datafield tag="951" ind1=" " ind2=" ">
   <subfield code="a">Χρόνος 19 τχ. 76 (Ιαν./Φεβ./Μάρ. 2010)</subfield>
   <subfield code="b">Main run</subfield>
  </datafield>
  <datafield tag="951" ind1=" " ind2=" ">
   <subfield code="a">Χρόνος 20 τχ. 77 (Απρ./Μάιος/Ιούν. 2010) - Χρόνος 20 τχ. 81 (Απρ./Μάιος/Ιούν. 2011)</subfield>
   <subfield code="b">Main run</subfield>
  </datafield>
  <datafield tag="952" ind1=" " ind2=" ">
   <subfield code="a">(28-30)1998</subfield>
  </datafield>
 </record>
</collection>
